000 01115nam a2200241Ii 4500
003 JO-AjNU
005 20240629121552.0
008 230605s9999||||xx |||||||||||||| ||und||
040 _aJO-AjNU
_bara
_erda
_cJO-AjNU
041 _aara
050 1 4 _aKMM107.5 2019
100 1 _aالقيسي، بسام حاضر ظاهر
_965804
245 2 0 _aالأثار القانونية لإنسحاب الشريك في شركات الأسخاص: دراسة مقارنة = The Legal Effects of A partners Withdrawal From Partnerships Firms: A coparative study /
_cاعداد بسام حاضر ظاهر القيسي ؛ إشراف منتصر احمد القضاه
260 _c2019
300 _a109 ورقة
336 _atext
_btxt
_2rdacontent
337 _aunmediated
_bn
_2rdamedia
338 _avolume
_bnc
_2rdacarrier
500 _aرسالة جامعية ( اطروحة ماجستير) جامعة عجلون الوطنية: كلية الحقوق، 2019
650 4 _aانسحاب الشريك- اثارة-القانون
_958937
700 1 _aالقضاة، منتصر احمد
_965269
_eمشرف
942 _2lcc
_cTHS
999 _c30064
_d30064